| 000 | 00569nam a2200193Ia 4500 | ||
|---|---|---|---|
| 003 | OSt | ||
| 005 | 20240327101240.0 | ||
| 008 | 210210b1963 xxu||||| |||| 00| 0 eng d | ||
| 040 | _cAL | ||
| 041 | _aKannada | ||
| 082 | _aK894.301 ANUN | ||
| 100 |
_aANUPAMA NIRANJANA. _dಅನುಪಮಾ ನಿರಂಜನ _9157141 |
||
| 245 |
_aNirige naidile shrangara. _bನೀರಿಗೆ ನೈದಿಲೆ ಶೃಂಗಾರ |
||
| 260 |
_aBengaluru _bSharada Prakatanalaya _c1963 |
||
| 300 | _a112 | ||
| 690 |
_aKannada Fiction _9157142 |
||
| 906 | _a030372 | ||
| 942 |
_2ddc _cBK |
||
| 999 |
_c81519 _d81519 |
||